Spinning Flight Dynamics of Frisbees, Boomerangs, Samaras, and Skipping Stones /

More frisbees are sold each year than baseballs, basketballs, and footballs combined. Yet these familiar flying objects have subtle and clever aerodynamic and gyrodynamic properties which are only recently being documented by wind tunnel and other studies. In common with other rotating bodies discus...

Πλήρης περιγραφή

Λεπτομέρειες βιβλιογραφικής εγγραφής
Κύριος συγγραφέας: Lorenz, Ralph D. (Συγγραφέας)
Συγγραφή απο Οργανισμό/Αρχή: SpringerLink (Online service)
Μορφή: Ηλεκτρονική πηγή Ηλ. βιβλίο
Γλώσσα:English
Έκδοση: New York, NY : Springer New York, 2006.
Θέματα:
Διαθέσιμο Online:Full Text via HEAL-Link
LEADER 03721nam a22004695i 4500
001 978-0-387-47289-8
003 DE-He213
005 20151204154252.0
007 cr nn 008mamaa
008 100301s2006 xxu| s |||| 0|eng d
020 |a 9780387472898  |9 978-0-387-47289-8 
024 7 |a 10.1007/978-0-387-47289-8  |2 doi 
040 |d GrThAP 
050 4 |a QB460-466 
072 7 |a PHVB  |2 bicssc 
072 7 |a SCI005000  |2 bisacsh 
082 0 4 |a 523.01  |2 23 
100 1 |a Lorenz, Ralph D.  |e author. 
245 1 0 |a Spinning Flight  |h [electronic resource] :  |b Dynamics of Frisbees, Boomerangs, Samaras, and Skipping Stones /  |c by Ralph D. Lorenz. 
264 1 |a New York, NY :  |b Springer New York,  |c 2006. 
300 |a XXII, 346 p. 134 illus., 16 illus. in color.  |b online resource. 
336 |a text  |b txt  |2 rdacontent 
337 |a computer  |b c  |2 rdamedia 
338 |a online resource  |b cr  |2 rdacarrier 
347 |a text file  |b PDF  |2 rda 
505 0 |a Aerodynamics of Balls -- Bouncing Balls, Airbags, and Tumbleweeds -- Spinning Bullets, Bombs, and Rockets -- Satellites and Spin -- Encountering Asteroids and Comets -- Planetary Probes and Spinning Parachutes -- Frisbees -- Spinning Cylinders and Rings -- Spinning Aircraft and Nonspinning Disc Aircraft -- The Boomerang -- Samaras -- Skipping Stones and Bouncing Bombs -- Conclusions. 
520 |a More frisbees are sold each year than baseballs, basketballs, and footballs combined. Yet these familiar flying objects have subtle and clever aerodynamic and gyrodynamic properties which are only recently being documented by wind tunnel and other studies. In common with other rotating bodies discussed in this readily accessible book, they are typically not treated in textbooks of aeronautics and the literature is scattered in a variety of places. This book develops the theme of disc-wings and spinning aerospace vehicles in parallel. Many readers will have enjoyed these vehicles and their dynamics in recreational settings, so this book will be of wide interest. In addition to spinning objects of various shapes, several exotic manned aircraft with disc platforms have been proposed and prototypes built - these include a Nazi ‘secret weapon’ and the De Havilland Avrocar, also discussed in the book. Boomerangs represent another category of spinning aerodynamic body whose behavior can only be understood by coupling aerodynamics with gyrodynamics. The narrative, supported by equations and graphs, explains how the shape and throw of a boomerang relates to its trajectory. The natural world presents still other examples, namely the samaras or ‘seed-wings’ of many tree species, which autorotate during their descent, like a helicopter whose engine has failed. In short, this book discusses a range of familiar, connected, but largely undeveloped, topics in an accessible, but complete manner. ‘Toys’ familiar to all of us are covered as well as high-tech products of the aerospace industry. Spinning Flight includes not only the latest published results but also describes Lorenz’s own experiments with ‘how-to’ instructions on how readers can do their own experiments. 
650 0 |a Physics. 
650 0 |a Applied mathematics. 
650 0 |a Engineering mathematics. 
650 0 |a Mechanics. 
650 0 |a Astrophysics. 
650 1 4 |a Physics. 
650 2 4 |a Astrophysics and Astroparticles. 
650 2 4 |a Mechanics. 
650 2 4 |a Applications of Mathematics. 
710 2 |a SpringerLink (Online service) 
773 0 |t Springer eBooks 
776 0 8 |i Printed edition:  |z 9780387307794 
856 4 0 |u http://dx.doi.org/10.1007/978-0-387-47289-8  |z Full Text via HEAL-Link 
912 |a ZDB-2-PHA 
950 |a Physics and Astronomy (Springer-11651)